Berliner Landesprogramm Radikalisierungsprävention: Vorstellung der Beratungs- und Hilfsangebote
| Autores principales: | ; ; |
|---|---|
| Autor Corporativo: | |
| Tipo de documento: | Print Libro |
| Lenguaje: | Alemán |
| Publicado: |
Berlin
Landeskommission Berlin gegen Gewalt
2018
|
| En: |
Berliner Forum Gewaltprävention (Nr. 63)
Año: 2018 |
| Acceso en línea: |
Índice |
| Disponibilidad en Tübingen: | Disponible en Tübingen. IFK: C IX 730 |
| Verificar disponibilidad: | HBZ Gateway |
| Servicio de pedido Subito: | Pedir ahora. |
| Palabras clave: |
MARC
| LEADER | 00000cam a2200000 c 4500 | ||
|---|---|---|---|
| 001 | 1587459906 | ||
| 003 | DE-627 | ||
| 005 | 20201206182329.0 | ||
| 007 | tu | ||
| 008 | 190211s2018 gw ||||| 00| ||ger c | ||
| 035 | |a (DE-627)1587459906 | ||
| 035 | |a (DE-576)517459906 | ||
| 035 | |a (DE-599)BSZ517459906 | ||
| 040 | |a DE-627 |b ger |c DE-627 |e rda | ||
| 041 | |a ger | ||
| 044 | |c XA-DE-BE | ||
| 082 | 0 | 4 | |a 360 |q DE-101 |
| 100 | 1 | |a Vialet, Ute |e VerfasserIn |4 aut | |
| 245 | 1 | 0 | |a Berliner Landesprogramm Radikalisierungsprävention |b Vorstellung der Beratungs- und Hilfsangebote |c [Herausgeberin: Landeskommission Berlin gegen Gewalt ; Redaktion: Ute Vialet, Benjamin Galle, Sandra Kolodziej] |
| 264 | 1 | |a Berlin |b Landeskommission Berlin gegen Gewalt |c 2018 | |
| 300 | |a 30 Seiten |b Illustrationen |e 1 Booklet (gefaltet, 3 Blätter) | ||
| 336 | |a Text |b txt |2 rdacontent | ||
| 337 | |a ohne Hilfsmittel zu benutzen |b n |2 rdamedia | ||
| 338 | |a Band |b nc |2 rdacarrier | ||
| 490 | 1 | |a Berliner Forum Gewaltprävention |v Nr. 63 | |
| 490 | 0 | |a Berlin gegen Gewalt | |
| 700 | 1 | |a Galle, Benjamin |e VerfasserIn |4 aut | |
| 700 | 1 | |a Kolodziej, Sandra |e VerfasserIn |4 aut | |
| 710 | 2 | |a Berlin |b Landeskommission gegen Gewalt |e Herausgebendes Organ |0 (DE-588)5158484-0 |0 (DE-627)189508639 |0 (DE-576)195465601 |4 isb | |
| 830 | 0 | |a Berliner Forum Gewaltprävention |v Nr. 63 |9 63 |w (DE-627)320409937 |w (DE-576)107193221 |w (DE-600)2001176-3 |x 1617-0253 |7 am | |
| 856 | 4 | 2 | |u https://d-nb.info/1174893710/04 |m B:DE-101 |q application/pdf |v 2020-12-02 |x Verlag |3 Inhaltsverzeichnis |7 1 |
| 951 | |a BO | ||
| ELC | |b 1 | ||
| LOK | |0 000 xxxxxcx a22 zn 4500 | ||
| LOK | |0 001 3055547608 | ||
| LOK | |0 003 DE-627 | ||
| LOK | |0 004 1587459906 | ||
| LOK | |0 005 20190711142032 | ||
| LOK | |0 008 190211||||||||||||||||ger||||||| | ||
| LOK | |0 040 |a DE-21-110 |c DE-627 |d DE-21-110 | ||
| LOK | |0 689 |a s |a Aufklärung | ||
| LOK | |0 689 |a s |a Medien | ||
| LOK | |0 689 |a s |a Schule | ||
| LOK | |0 689 |a s |a Kinder- und Jugendhilfe | ||
| LOK | |0 689 |a s |a Frauen | ||
| LOK | |0 689 |a s |a Religion | ||
| LOK | |0 689 |a s |a Migrant | ||
| LOK | |0 852 |a DE-21-110 | ||
| LOK | |0 852 1 |c C IX 730 |m p |9 00 | ||
| LOK | |0 938 |a 1907 | ||
| LOK | |0 938 |k p | ||
| LOK | |0 939 |a 11-02-19 |b l01 | ||
| ORI | |a SA-MARC-krimdoka001.raw | ||
| SIG | |a IFK: C IX 730 | ||
